| 000 | 00836cam a2200253 a 4500 | ||
|---|---|---|---|
| 001 | 15971574 | ||
| 005 | 20180302054106.0 | ||
| 008 | 091103s2011 njua b 001 0 eng | ||
| 010 | _a 2009046703 | ||
| 020 | _a9780137152735 (pbk.) | ||
| 020 | _a0137152736 (pbk.) | ||
| 035 | _a(OCoLC)ocn457157111 | ||
| 040 |
_aDLC _cDLC _dYDX _dYDXCP _dBWX _dCDX _dDLC |
||
| 041 | _aeng | ||
| 080 | _a370.922 GUT | ||
| 082 | 0 | 0 |
_a370.922 GUT _aB _222 |
| 100 | 1 | _a25 | |
| 101 | _aEDU | ||
| 245 | 1 | 0 |
_aHistorical and philosophical foundations of education : _cGerald L. Gutek. |
| 504 | _aIncludes bibliographical references and index. | ||
| 906 |
_a7 _bcbc _corignew _d1 _eecip _f20 _gy-gencatlg |
||
| 942 |
_2ddc _cBK |
||
| 999 |
_c44008 _d44008 |
||